ONLINE PUBLIC ACCESS CATALOG(OPAC)

Intelligent Automation (Record no. 65456)

MARC details
000 -LEADER
fixed length control field 00503nam a2200145 4500
008 - FIXED-LENGTH DATA ELEMENTS--GENERAL INFORMATION
fixed length control field 260119b |||||||| |||| 00| 0 eng d
020 ## - INTERNATIONAL STANDARD BOOK NUMBER
International Standard Book Number 9789811235597
082 ## - DEWEY DECIMAL CLASSIFICATION NUMBER
Classification number 006.3 BOR
100 ## - MAIN ENTRY--PERSONAL NAME
Personal name Bornet Pascal, Ian Barkin , Jochen Wirtz.
245 ## - TITLE STATEMENT
Title Intelligent Automation
260 ## - PUBLICATION, DISTRIBUTION, ETC. (IMPRINT)
Place of publication, distribution, etc London
Name of publisher, distributor, etc World Scientific
Date of publication, distribution, etc 2021
300 ## - PHYSICAL DESCRIPTION
Extent 414
650 ## - SUBJECT ADDED ENTRY--TOPICAL TERM
Topical term or geographic name as entry element MSc-CA
942 ## - ADDED ENTRY ELEMENTS (KOHA)
Item type Reference
Holdings
Withdrawn status Lost status Source of classification or shelving scheme Damaged status Not for loan Collection code Home library Current library Shelving location Date acquired Source of acquisition Cost, normal purchase price Total Checkouts Full call number Barcode Date last seen Koha item type Public note
    Dewey Decimal Classification     Post Graduation School of Computer Applications School of Computer Applications Master of Computer Applications 19/01/2026 Ao Enterprises 4272.00   006.3 BOR CA1427 19/01/2026 Reference Rack No. R12 Shelf No.13
    Dewey Decimal Classification     Post Graduation School of Computer Applications School of Computer Applications Master of Computer Applications 19/01/2026 Ao Enterprises 4272.00   006.3 BOR CA1428 19/01/2026 Circulation Rack No. C10 Shelf No.15

Powered by Koha